000 00452nam a2200193Ia 4500
003 OSt
005 20250819100300.0
008 250729s2005 xx 000 0 und d
020 _a978-8176489423
040 _cAL
041 _aeng
082 _a371.2 SHAE
100 _ajoshi S R
_9221444
245 _aTeaching of science
260 _aNew Delhi
_bA P H Publishing
_c2005
300 _a338p
650 _aEducation
_9221445
942 _2ddc
_cBED
999 _c235014
_d235014